书目信息 |
| 题名: |
世界汽车博览手册
|
|
| 作者: | 张月相 , 赵英君 主编 | |
| 分册: | ||
| 出版信息: | 北京 金盾出版社 2003.12 |
|
| 页数: | 465页 | |
| 开本: | 21cm | |
| 丛书名: | ||
| 单 册: | ||
| 中图分类: | U46 | |
| 科图分类: | ||
| 主题词: | 汽车--基本知识 | |
| 电子资源: | ||
| ISBN: | 7-5082-2721-2 | |
| 000 | 00630nam0 2200217 45 | |
| 001 | 012004000000 | |
| 005 | 20041210150927.96 | |
| 010 | @a7-5082-2721-2@dCNY 21.00 | |
| 100 | @a20041110d2003 em y0chiy0121 ea | |
| 101 | 0 | @achi |
| 102 | @aCN@b110000 | |
| 105 | @aak z 000yy | |
| 200 | 1 | @a世界汽车博览手册@Ashi jie qi che bo lan shou ce@f张月相, 赵英君主编 |
| 210 | @a北京@c金盾出版社@d2003.12 | |
| 215 | @a465页@c图, 表格@d21cm | |
| 606 | 0 | @a汽车@x基本知识 |
| 690 | @aU46@v4 | |
| 701 | 0 | @a张月相@Azhang yue xiang@4主编 |
| 701 | 0 | @a赵英君@Azhao ying jun@4主编 |
| 801 | 0 | @aCN@bQSSKxf@c20041210 |
| 905 | @a10447@dU46@eZ230 | |
| 世界汽车博览手册/张月相, 赵英君主编.-北京:金盾出版社,2003.12 |
| 465页:图, 表格;21cm |
| ISBN 7-5082-2721-2:CNY 21.00 |
| ● |
| 相关链接 |
|
|
|
正题名:世界汽车博览手册
索取号:U46/Z230
 
预约/预借
| 序号 | 登录号 | 条形码 | 馆藏地/架位号 | 状态 | 备注 |
| 1 | 432915 | 204329155 | 自科库501/501自科库 86排2列1层/ [索取号:U46/Z230] | 在馆 | |
| 2 | 432916 | 204329164 | 期刊室512/501自科库 55排7列3层/ [索取号:U46/Z230] | 在馆 | |
| 3 | 432917 | 204329173 | 自科库501/501自科库 86排2列1层/ [索取号:U46/Z230] | 在馆 |